[Event "Las Vegas op"]
[Site "Las Vegas"]
[Date "1994.??.??"]
[Round "?"]
[White "Salazar, Hernan"]
[Black "Sandager, Stephen"]
[Result "0-1"]
[WhiteElo "2370"]
[BlackElo "2325"]

1.e4 c5 2.Nc3 Nc6 3.Nge2 d6 4.d4 cxd4 5.Nxd4 Nf6 6.Be2 e6 7.O-O Be7 8.Be3 O-O
9.f4 Qc7 10.Kh1 a6 11.a4 Bd7 12.Qe1 Rac8 13.Qg3 Kh8 14.Rae1 e5 15.Nf5 Bxf5
16.exf5 Nb4 17.Bd1 Nbd5 18.Nxd5 Nxd5 19.fxe5 dxe5 20.Bg5 Bxg5 21.Qxg5 f6
22.Qh4 Rfd8 23.c3 Nf4 24.Bf3 Rd2 25.g3 Nd3 26.Re2 Rxe2 27.Bxe2 Nxb2 28.Qb4 Nc4
29.Bxc4 Qxc4 30.Qxc4 Rxc4 31.Rd1 h5 32.Rd7 Rxc3 33.Rxb7 Rc4 34.a5 Ra4 35.Kg2 Kh7
36.Ra7 Rxa5 37.Kf3 Ra4 38.h4 Ra3+ 39.Kg2 a5 40.Kf2 Ra1 41.Kf3 a4 42.Ke4 Ra3
43.Kd5 Rxg3 44.Rxa4 Rg4 45.Ra7 Rxh4 46.Ke6 Rg4  0-1

[Event "LAT-ch"]
[Site "?"]
[Date "1994.??.??"]
[Round "5"]
[White "Sokolovs, Andrei"]
[Black "Rausis, Igors"]
[Result "1/2-1/2"]
[WhiteElo "2515"]
[BlackElo "2495"]

1.e4 c5 2.Nc3 Nc6 3.Nge2 g6 4.d4 cxd4 5.Nxd4 Bg7 6.Be3 Nf6 7.Bc4 O-O 8.Bb3 Ng4
9.Qxg4 Nxd4 10.Qd1 Nxb3  1/2-1/2

[Event "Lazne Bohdanec"]
[Site "Lazne Bohdanec"]
[Date "1994.??.??"]
[Round "6"]
[White "Hausner, Ivan"]
[Black "Meduna, Eduard"]
[Result "1/2-1/2"]
[WhiteElo "2480"]
[BlackElo "2450"]

1.e4 c5 2.Nc3 Nc6 3.Nge2 e5 4.Nd5 Nf6 5.Nec3 Be7 6.Bc4 O-O 7.O-O d6 8.d3 a6
9.a4 Nxd5 10.Nxd5 Bg5 11.c3  1/2-1/2

[Event "Leeuwarden op"]
[Site "Leeuwarden"]
[Date "1994.??.??"]
[Round "2"]
[White "Knoppert, Erik G J"]
[Black "Yakovich, Yuri"]
[Result "1/2-1/2"]
[WhiteElo "2380"]
[BlackElo "2515"]

1.e4 c5 2.Ne2 Nc6 3.Nbc3 g6 4.d4 cxd4 5.Nxd4 Bg7 6.Be3 Nf6 7.Nxc6 bxc6 8.e5 Ng8
9.f4 f6 10.exf6 Nxf6 11.Be2 Rb8 12.Rb1 Qc7 13.O-O O-O 14.Kh1 d6 15.Bd3 Kh8
16.f5 Bxf5 17.Bxf5 gxf5 18.Rxf5 Qd7 19.Rf3 Ng4 20.Bg1 Ne5 21.Rh3 a5 22.b3 Qf5
23.Ne2 c5 24.Ng3 Qg6 25.Qe2 a4 26.Nh5 axb3 27.axb3 Rf5 28.Nxg7 Qxg7 29.Rg3 Qf6
30.Be3 Rf8 31.Rg1 Qh4 32.Bd2 Rh5 33.h3 Qxg3 34.Qxh5 Qg6 35.Qd1 Nc6 36.Bc3+ e5
37.Rf1 Rxf1+ 38.Qxf1 Kg7 39.Qe2 Qf5 40.Kg1 Qf4 41.Qd3 Qf6 42.Qa6 Ne7 43.Ba5 Nf5
44.Qb7+ Qf7 45.Qe4 Nd4 46.Bc3 Qf5 47.Qb7+ Kg6 48.Bxd4 exd4 49.Qe7 Qxc2 50.Qxd6+ Kf5
51.Qd5+ Kf4 52.Qf3+ Ke5 53.Qg3+ Kd5 54.Qg8+ Kc6 55.Qe8+ Kb6 56.Qd8+ Kb5 57.Qb8+ Ka5
58.b4+ cxb4 59.Qe5+ Kb6 60.Qb8+ Ka5 61.Qe5+ Ka6 62.Qxd4 b3 63.Qd6+ Kb5 64.Kh2 Qe4
65.Qd7+  1/2-1/2

[Event "Leeuwarden op"]
[Site "Leeuwarden"]
[Date "1994.??.??"]
[Round "5"]
[White "Yakovich, Yuri"]
[Black "Reinderman, Dimitri"]
[Result "1-0"]
[WhiteElo "2515"]
[BlackElo "2450"]

1.e4 c5 2.Nf3 Nc6 3.Nc3 Nf6 4.Bb5 Nd4 5.e5 Nxb5 6.Nxb5 Nd5 7.Ng5 Nc7 8.Qh5 g6
9.Qf3 f5 10.exf6 d6 11.Nxc7+ Qxc7 12.O-O Bh6 13.d4 Bxg5 14.Bxg5 h6 15.Bh4 Qc6
16.f7+ Kf8 17.Bxe7+  1-0

[Event "Lenk op"]
[Site "Lenk"]
[Date "1994.??.??"]
[Round "3"]
[White "Horvath, Tamas"]
[Black "Keller, Rudolf"]
[Result "1-0"]
[WhiteElo "2435"]
[BlackElo "2285"]

1.e4 c5 2.Nf3 Nc6 3.Nc3 Nf6 4.Bb5 g6 5.O-O Bg7 6.Bxc6 dxc6 7.h3 O-O 8.Re1 Nh5
9.e5 Nf4 10.Ne4 Ne6 11.d3 h6 12.Bd2 b6 13.Ng3 Nd4 14.Nxd4 Qxd4 15.Qc1 Kh7
16.Re4 Qd5 17.Bxh6 Be6 18.Bxg7 Kxg7 19.Nh5+  1-0

[Event "Lenk op"]
[Site "Lenk"]
[Date "1994.??.??"]
[Round "7"]
[White "Moor, Roger"]
[Black "Horvath, Sandor"]
[Result "1-0"]
[WhiteElo "2085"]
[BlackElo "2320"]

1.e4 c5 2.Nf3 Nc6 3.Nc3 e5 4.Bc4 d6 5.h3 Be7 6.O-O Nf6 7.d3 h6 8.Nh2 Be6
9.f4 exf4 10.Bxf4 O-O 11.Nd5 Bxd5 12.Bxd5 Nxd5 13.exd5 Ne5 14.Ng4 Ng6 15.Bd2 Bg5
16.Rf5 Qd7 17.Rf2 Bxd2 18.Qxd2 f5 19.Nh2 f4 20.Re1 Rae8 21.Rfe2 Ne5 22.b3 f3
23.Nxf3 Nxf3+ 24.gxf3 Rxe2 25.Qxe2 Qxh3 26.Qe6+ Qxe6 27.Rxe6 Rf6 28.Re8+ Kf7
29.Rb8 Rxf3 30.Rxb7+ Kf6 31.Rxa7 g5 32.Rh7 Kg6 33.Rd7 Rf6 34.a4 Kf5 35.Re7 h5
36.a5 Kf4 37.a6 Kg3 38.a7 Rf8 39.Re3+ Kg4 40.Kg2 Ra8 41.Re7 h4 42.c3 Kf4
43.b4 cxb4 44.cxb4 g4 45.Rf7+ Ke3 46.b5 Rc8 47.Rf2 g3 48.Ra2 Ra8 49.b6 Kf4
50.Ra4+  1-0

[Event "Linares NL"]
[Site "Linares"]
[Date "1994.??.??"]
[Round "2"]
[White "Garcia, Gildardo"]
[Black "Morovic Fernandez, Ivan"]
[Result "1-0"]
[WhiteElo "2540"]
[BlackElo "2585"]

1.e4 c5 2.Nc3 Nc6 3.Nge2 Nf6 4.d4 cxd4 5.Nxd4 e6 6.Ndb5 d6 7.Bf4 e5 8.Bg5 a6
9.Na3 Be6 10.Bxf6 gxf6 11.Nd5 Qa5+ 12.c3 Bxd5 13.exd5 Ne7 14.Nc4 Qc7 15.Qa4+ b5
16.Nxd6+ Qxd6 17.Bxb5+ Kd8 18.O-O Kc7 19.Rfd1 Bh6 20.Bc6 Nxc6 21.dxc6 Qxc6
22.Qa5+ Kb8 23.Qb4+ Qb7 24.Qd6+ Ka7 25.Qc5+ Kb8 26.Rd6 Rc8 27.Qa5 Rc6 28.Rad1 Ra7
29.Rd8+  1-0

[Event "Linares NL"]
[Site "Linares"]
[Date "1994.??.??"]
[Round "4"]
[White "Garcia, Gildardo"]
[Black "Illescas Cordoba, Miguel"]
[Result "1/2-1/2"]
[WhiteElo "2540"]
[BlackElo "2590"]

1.e4 c5 2.Nc3 Nc6 3.Nge2 Nf6 4.d4 cxd4 5.Nxd4 e6 6.Ndb5 d6 7.Bf4 e5 8.Bg5 a6
9.Na3 b5 10.Nd5 Be7 11.Bxf6 Bxf6 12.c3 O-O 13.Nc2 Rb8 14.h4 Ne7 15.Nxf6+ gxf6
16.Qd2 Bb7 17.Bd3 d5 18.exd5 Qxd5 19.O-O-O e4 20.Be2 Qxa2 21.Qh6 Qe6 22.Nd4 Qe5
23.f4 exf3 24.Bd3 Ng6 25.g3 Be4 26.Bxe4 Qxe4 27.h5 Ne5 28.Qxf6 Qe3+ 29.Kb1 Ng4
30.Qf5 Nh6 31.Qf6 Ng4 32.Qf5  1/2-1/2

[Event "Litomysl op"]
[Site "Litomysl"]
[Date "1994.??.??"]
[Round "?"]
[White "Savko, Alexei"]
[Black "Cvek, Robert"]
[Result "1-0"]
[WhiteElo "2375"]
[BlackElo "2300"]

1.e4 c5 2.Nf3 Nc6 3.Nc3 d6 4.d4 cxd4 5.Nxd4 Nf6 6.Be3 Bd7 7.f3 a6 8.Qd2 e6
9.g4 Be7 10.O-O-O Rc8 11.Kb1 b5 12.Bd3 Nxd4 13.Bxd4 e5 14.Be3 Be6 15.g5 Nd7
16.h4 Qa5 17.Nd5 Qxd2 18.Rxd2 Bxd5 19.exd5 O-O 20.Bf5 Rc7 21.h5 Nc5 22.Rg2 g6
23.Bg4 Rd8 24.Rgh2 Bf8 25.hxg6 fxg6 26.f4 exf4 27.Bxf4 Re8 28.b4 Re4 29.bxc5 Rb4+
30.Kc1 Rxf4 31.Be6+ Kh8 32.c6 h5 33.gxh6 Kh7 34.Kd2 Be7 35.Ke2 Rc4 36.Kd3 Bf6
37.Rf2 Bg5 38.Rf8 Bxh6 39.Rf3 g5 40.Rf6 Rh4 41.Bf5+ Kg7 42.Rg6+  1-0

[Event "Litomysl op"]
[Site "Litomysl"]
[Date "1994.??.??"]
[Round "?"]
[White "Sikora, Jan"]
[Black "Manik, Mikulas"]
[Result "1/2-1/2"]
[WhiteElo "2115"]
[BlackElo "2370"]

1.e4 c5 2.Nc3 Nc6 3.Nge2 Nf6 4.d4 cxd4 5.Nxd4 e5 6.Ndb5 d6 7.Bg5 a6 8.Na3 b5
9.Bxf6 gxf6 10.Nd5 f5 11.Bd3 Be6 12.Qh5 Rg8 13.g3 Rg4 14.Ne3 Rg5 15.Qxh7 fxe4
16.Bxe4 d5 17.O-O-O Nd4 18.c3 dxe4 19.cxd4 Bxa2 20.Qxe4 Rc8+ 21.Nac2 b4 22.dxe5 Qa5
23.Qb7 Be6 24.f4 b3 25.Rd6 Rc7 26.Rxa6 Qc5 27.Rxe6+ fxe6 28.Qxb3 Rg6 29.Rd1 Be7
30.Kb1 Qc6 31.g4 Rh6 32.Nd4 Qa8 33.Nec2 Rc5 34.Rc1 Qe4 35.Nxe6 Rc6 36.Ng7+ Kf8
37.Nf5 Rb6 38.Qe3 Qb7 39.Qd4 Rxb2+ 40.Qxb2 Rb6 41.Qxb6 Qxb6+ 42.Ka2 Qa5+
43.Kb2 Qb5+ 44.Kc3 Bd8 45.Ncd4 Qa6 46.Rc2 Qa1+ 47.Kd3 Qf1+ 48.Ke4 Qh1+ 49.Nf3 Qb1
50.N5d4 Qb7+ 51.Ke3 Bb6 52.f5 Qd5 53.e6 Qd8 54.Ke4 Kg7 55.h4 Bxd4 56.Nxd4 Qxh4
57.Rc7+ Kg8 58.Rf7 Qxg4+ 59.Kd5 Qg2+ 60.Kc5 Qb2 61.Nc6 Qa3+  1/2-1/2

[Event "Ljubljana op"]
[Site "Ljubljana"]
[Date "1994.??.??"]
[Round "?"]
[White "Drozdov, Igor"]
[Black "Kozul, Zdenko"]
[Result "1-0"]
[WhiteElo "2410"]
[BlackElo "2575"]

1.e4 c5 2.Nf3 Nc6 3.Nc3 d6 4.d4 cxd4 5.Nxd4 Nf6 6.Be2 e5 7.Nf3 h6 8.O-O Be7
9.Re1 O-O 10.h3 Be6 11.Bf1 Nb8 12.b3 a6 13.Bb2 Qa5 14.a3 Rc8 15.Rc1 Rxc3
16.Qd2 Rc5 17.b4 Qb6 18.bxc5 Qxb2 19.cxd6 Bf8 20.Qd3 Qb6 21.Rb1 Qc5 22.Rxb7 Nbd7
23.Rc7 Qb6 24.Qc3 a5 25.Rc6 Qb7 26.a4 Nb8 27.Rc7 Qb6 28.Nxe5 Qxd6 29.Nxf7 Qb4
30.Nxh6+ Kh8 31.Qe5 Nbd7 32.Qxe6 gxh6 33.Rd1 Re8 34.Qc6 Qxe4 35.Bb5 Qf4 36.Rcxd7 Nxd7
37.Qxd7 Re7 38.Qd4+ Qxd4 39.Rxd4 Re1+ 40.Kh2 Bc5 41.Rd8+  1-0

[Event "Ljubljana op"]
[Site "Ljubljana"]
[Date "1994.??.??"]
[Round "?"]
[White "Zorman, Vojko"]
[Black "Slamberger, V."]
[Result "1-0"]
[WhiteElo "2325"]
[BlackElo "2115"]

1.e4 c5 2.Nf3 Nc6 3.Nc3 e6 4.d3 Rb8 5.Be2 d6 6.O-O Be7 7.Be3 Nf6 8.d4 cxd4
9.Nxd4 O-O 10.Qd2 a6 11.Rfd1 Qc7 12.a4 Bd7 13.Nb3 Na5 14.Nxa5 Qxa5 15.Nd5 Qd8
16.Nxe7+ Qxe7 17.Qxd6 Qxd6 18.Rxd6 Bc6 19.f3 Rbc8 20.c3 h6 21.a5 g5 22.h4 Nh7
23.hxg5 hxg5 24.Kf2 Rfd8 25.Rxd8+ Rxd8 26.Rd1 Rxd1 27.Bxd1 g4 28.c4 Nf6 29.b4 e5
30.Be2 gxf3 31.gxf3 Kg7 32.b5 Bd7 33.Ke1 Nh5 34.Kd2 Kf6 35.Kc3 Ke6 36.Kb4 f5
37.Kc5 Ng3 38.Bd3 fxe4 39.fxe4 Bc8 40.Kb6 Kd7 41.Bd2 Nh5 42.Bc3  1-0

[Event "DEN-ch U20"]
[Site "Logumkloster"]
[Date "1994.??.??"]
[Round "9"]
[White "Andersson, Christine"]
[Black "Hansen, Kasper"]
[Result "0-1"]
[WhiteElo "2055"]
[BlackElo "2095"]

1.e4 c5 2.Nf3 Nc6 3.Nc3 g6 4.Bc4 Bg7 5.O-O e6 6.a3 Nge7 7.d3 O-O 8.Bf4 d5
9.exd5 exd5 10.Bb3 a6 11.Re1 Bg4 12.h3 Bxf3 13.Qxf3 Nd4 14.Qd1 Nxb3 15.cxb3 Nc6
16.Rc1 b5 17.Na2 Nd4 18.Bg3 Rc8 19.b4 c4 20.Nc3 Nb3 21.Rc2 Nd4 22.Rc1 Qg5
23.dxc4 bxc4 24.Qa4 Nb3 25.Rcd1 d4 26.Ne4 Qb5 27.Qxb5 axb5 28.Nd6 Rc6 29.Nxb5 c3
30.bxc3 dxc3 31.Rb1 c2 32.Rxb3 c1=Q 33.Rxc1 Rxc1+ 34.Kh2 Ra1 35.Re3 Bb2 36.Bd6 Ra8
37.Nc7 Rd8 38.Be7 Rc8 39.Nd5 Rxa3 40.Re2 Bd4 41.Re4 Bxf2 42.Bd6 f5 43.Re7 Bd4
44.b5 Rb3 45.Nc7 Rxc7 46.Rxc7 Rxb5 47.Rc8+ Kf7 48.Rc7+ Ke6 49.Bf4 g5 50.Rc6+ Kd5
51.Rd6+ Kc4 52.Rxd4+ Kxd4 53.Bxg5 Ke4 54.h4 Rb3 55.Bh6 f4 56.Bg5 Kf5 57.Bh6 Kg4
58.Bg5 Rb2 59.Bf6 Rc2 60.Kh1 Kg3 61.Bd4 Rxg2 62.h5 Rc2 63.h6 Rc1+ 64.Bg1 Rxg1+
65.Kxg1 f3 66.Kh1 Kf2  0-1

[Event "Lloyds Bank op"]
[Site "London"]
[Date "1994.??.??"]
[Round "1"]
[White "Lane, Gary W"]
[Black "Hon, Andrew"]
[Result "1-0"]
[WhiteElo "2440"]
[BlackElo "2260"]

1.e4 c5 2.Nc3 Nc6 3.Nf3 d6 4.d4 cxd4 5.Nxd4 Nf6 6.Bg5 Bd7 7.Nb3 a6 8.Qd2 e6
9.O-O-O b5 10.f3 Be7 11.Bxf6 gxf6 12.Ne2 Qc7 13.Ng3 h5 14.f4 h4 15.Ne2 O-O-O
16.Kb1 Kb8 17.Rc1 Qb7 18.Ng1 Be8 19.c4 b4 20.Nf3 Rd7 21.Bd3 Qb6 22.Rhd1 a5
23.Bf1 e5 24.Qe1 Rb7 25.c5 dxc5 26.Rd5 Nd4 27.Nxc5 Bc6 28.Nxb7 Bxd5 29.exd5 Kxb7
30.fxe5 fxe5 31.Nxd4 Qxd4 32.Qe2 Qxd5 33.Rd1 Qc6 34.Qxe5 Bf6 35.Qxa5 Qe4+
36.Bd3 Qg4 37.Qb5+ Ka7 38.Be2  1-0

[Event "Lloyds Bank op"]
[Site "London"]
[Date "1994.??.??"]
[Round "3"]
[White "O'Shaughnessy, Conor"]
[Black "Gallagher, Joseph G"]
[Result "0-1"]
[WhiteElo "2270"]
[BlackElo "2470"]

1.e4 c5 2.Nc3 Nc6 3.Nf3 g6 4.d4 cxd4 5.Nxd4 Bg7 6.Be3 Nf6 7.Be2 O-O 8.O-O d6
9.Nb3 Be6 10.f4 Na5 11.f5 Bd7 12.Bd4 Nc6 13.Be3 Ne5 14.a4 Bc6 15.Bd3 d5 16.exd5 Nxd5
17.Bd4 Nxc3 18.bxc3 Qd5 19.Rf2 Rfd8 20.Bf1 Qe4 21.Qd2 Qh4 22.h3 Bd5 23.Rf4 Qh6
24.Be3 Bxb3 25.Rd4 Rxd4 26.cxd4 Qh4 27.dxe5 Bxe5 28.Rb1 Bc4 29.Rb4 Rc8 30.Qd7 Rc7
31.Qd8+ Kg7 32.Bf2 Qf4 33.g3 Qe4 34.Bd3 Qd5 35.Qxd5 Bxd5 36.Rb5 e6 37.fxe6 fxe6
38.Bxa7 Bxg3 39.Bb8 Bc6 40.Bxc7  0-1

[Event "Lloyds Bank op"]
[Site "London"]
[Date "1994.??.??"]
[Round "4"]
[White "Emms, John M"]
[Black "Corkett, Anthony"]
[Result "1-0"]
[WhiteElo "2535"]
[BlackElo "2295"]

1.e4 c5 2.Nf3 Nc6 3.Nc3 g6 4.d4 cxd4 5.Nxd4 Bg7 6.Be3 Nf6 7.Bc4 O-O 8.Bb3 a5
9.a4 Ng4 10.Qxg4 Nxd4 11.Qh4 Nxb3 12.cxb3 e6 13.Qxd8 Rxd8 14.Bb6 Re8 15.O-O-O Ra6
16.Bd4 Rc6 17.Bxg7 Kxg7 18.Rd4 d6 19.Rhd1 Rd8 20.Kb1 Kf8 21.Nb5 Ke7 22.e5 d5
23.Rh4 h5 24.Rf4 b6 25.h4 Ba6 26.Nd4 Rc5 27.Rf3 Rdc8 28.Re3 b5 29.axb5 Bxb5
30.g3 Bd7 31.f4 Be8 32.Re2 Bd7 33.Rc2 Rxc2 34.Nxc2 Rb8 35.Nd4 Rc8 36.Rd3 Kd8
37.Rc3 Rc7 38.Kc2 Kc8 39.b4 axb4 40.Rxc7+ Kxc7 41.Kb3 Kb6 42.Kxb4 Be8 43.Nf3 Bd7
44.Ng5 Be8 45.Nh7 Bb5 46.Nf6 Be2 47.Ne8 Kc6 48.Kc3 Bg4 49.Kd4 Bh3 50.Nd6 Kb6
51.Nxf7 Kb5 52.Ng5 Bg4 53.Nh7 Kb4 54.Nf6 Bf3 55.Ne8 Kb3 56.Nc7 Bg4 57.Nxd5 Kxb2
58.Ne7 Kc2 59.Ke3 Kd1 60.Kf2 Kd2 61.Nxg6 Kd3 62.Nf8 Ke4 63.Nd7 Bd1 64.Nf6+ Kf5
65.Ke3 Kg6 66.Kd4 Kf5 67.Kc5 Kg6 68.Kd6 Bb3 69.Ke7 Ba2 70.Ne8 Bb3 71.Nd6 Bd5
72.Nb5  1-0

[Event "Lloyds Bank op"]
[Site "London"]
[Date "1994.??.??"]
[Round "10"]
[White "Gallagher, Joseph G"]
[Black "Wolff, Patrick G"]
[Result "1/2-1/2"]
[WhiteElo "2470"]
[BlackElo "2595"]

1.e4 c5 2.Nc3 Nc6 3.Nge2 g6 4.d4 cxd4 5.Nxd4 Bg7 6.Be3 Nf6 7.Bc4 O-O 8.Bb3 a5
9.f3 d5 10.Bxd5 Nxd5 11.exd5 Nb4 12.Nde2 Bf5 13.Rc1 Ra6 14.a3 Rd6 15.axb4 axb4
16.O-O bxc3 17.Nxc3 b5 18.Qe1 Re8 19.Bc5 Bxc3 20.Qxc3 Rxd5 21.Rfe1 Qd7 22.Re5 Rxe5
23.Qxe5 Bxc2 24.Re1 f6 25.Qe2 Bf5 26.g4 Bd3 27.Qe3 e5 28.Ra1 f5 29.Rd1 e4
30.gxf5 gxf5 31.Kf2 Re6 32.Rg1+ Rg6 33.Qh6 Qg7 34.Rxg6 hxg6 35.Qxg7+ Kxg7
36.Bd4+ Kf7 37.fxe4 Bxe4 38.h4 f4  1/2-1/2

[Event "CRO-chT"]
[Site "Makarska"]
[Date "1994.??.??"]
[Round "4"]
[White "Sale, Srdjan"]
[Black "Ljubicic, Filip"]
[Result "1/2-1/2"]
[WhiteElo "2445"]
[BlackElo "2335"]

1.e4 c5 2.Nc3 Nc6 3.Nge2 g6 4.d4 cxd4 5.Nxd4 Bg7 6.Nde2 Nf6 7.g3 O-O 8.Bg2 d6
9.h3 a5 10.a4 Nb4 11.O-O Nd7 12.Nb5 Nc5 13.Nf4 Bd7 14.c3 Nba6 15.Re1 Bc6
16.Qc2 Nc7 17.Nxc7 Qxc7 18.Nd5 Qd8 19.Be3 Nd7 20.Rad1 e6 21.Nf4 Qc7 22.Ne2 Nc5
23.b3 b5 24.axb5 Bxb5 25.Nd4 Bd7 26.Rb1 e5 27.Ne2 f5 28.exf5 Bxf5 29.Qa2 Bxb1
30.Rxb1 Qf7 31.Bxa8 Rxa8 32.c4 Ne4 33.Rf1 Qf3 34.b4 h5 35.c5+ Kh7 36.h4 dxc5
37.bxa5 c4 38.a6 Nd6 39.a7 Nf5 40.Qd2 Nd4 41.Nxd4 exd4 42.Bxd4 Qd5 43.Rd1 Bxd4
44.Qxd4 Qxd4 45.Rxd4 Rxa7 46.Rxc4 Kg7 47.Kg2 Ra3 48.Rf4 Rb3 49.Rf3 Rb2 50.Ra3 Rc2
51.Kf3 Rb2 52.Ke3 Rc2 53.Ra5 Rc4 54.Rd5 Ra4 55.Rd4 Ra2 56.f3 Ra1 57.Ke4 Ra3
58.Kf4 Ra5 59.Rb4 Rf5+ 60.Ke4 Rf7 61.Rb5 Kh7 62.f4 Ra7 63.f5 Ra4+ 64.Ke5 gxf5
65.Kxf5 Rg4 66.Kf6 Rg6+ 67.Kf7 Rg7+ 68.Kf6 Rg6+  1/2-1/2

[Event "Wch U20"]
[Site "Matinhos"]
[Date "1994.??.??"]
[Round "?"]
[White "Waitzkin, Joshua"]
[Black "Riegler, Primoz"]
[Result "1/2-1/2"]
[WhiteElo "2430"]
[BlackElo "2270"]

1.e4 c5 2.Nf3 Nc6 3.Nc3 d6 4.d4 cxd4 5.Nxd4 Nf6 6.g3 e5 7.Nde2 d5 8.exd5 Nb4
9.a3 Nbxd5 10.Bg2 Be6 11.Bg5 Qd7 12.O-O Be7 13.Qe1 h6 14.Bd2 Bh3 15.Rd1 Bxg2
16.Kxg2 Qc6 17.f3 O-O 18.Nxd5 Nxd5 19.Nc3 Rad8 20.Qe2 Nxc3 21.Bxc3 f6 22.Qe4 Qxe4
23.fxe4 Kf7 24.Rd5 Ke6 25.Rfd1 Rc8 26.Kf3 Rc7 27.a4 Rfc8 28.g4 Rc4 29.a5 R8c7
30.h4 Bc5 31.Rd8  1/2-1/2

[Event "Wch U20"]
[Site "Matinhos"]
[Date "1994.??.??"]
[Round "?"]
[White "Del Rio de Angeles, Gabriel"]
[Black "Georgiev, Vladimir"]
[Result "0-1"]
[WhiteElo "2335"]
[BlackElo "2430"]

1.e4 c5 2.Nc3 Nc6 3.Nge2 g6 4.d4 cxd4 5.Nxd4 Bg7 6.Nde2 Nf6 7.g3 b5 8.Bg2 Rb8
9.a3 O-O 10.b3 d6 11.Bb2 a5 12.O-O Qc7 13.Nd5 Nxd5 14.Bxg7 Ne3 15.Qc1 Kxg7
16.Qxe3 Bg4 17.Nf4 Qa7 18.Qc3+ Nd4 19.h3 Rfc8 20.Qe3 Bd7 21.Rad1 Nc6 22.Qc1 b4
23.Kh2 Ne5 24.a4 Qc5 25.Rd2 Bc6 26.Nd5 Bxd5 27.exd5 Qc3 28.f4 Nd7 29.Rf3 Qf6
30.Bf1 Rc3 31.Rxc3 Qxc3 32.Rd3 Qc5 33.Re3 Rc8 34.Bd3 Nf6 35.Qe1 Nxd5 36.Re4 Qc3
37.Qf2 Rc7 38.Bc4 Nf6 39.Rd4 Qb2 40.Bd3 Rc3 41.Kg1 Rc6 42.Qe3 e6 43.f5 exf5
44.g4 fxg4 45.hxg4 Rc5 46.Qf4 Rg5 47.Be2 Re5 48.Bd3 Nxg4 49.Rxd6 h5 50.Rd7 Nf6
51.Ra7 Qc3 52.Bc4 Re1+ 53.Kg2 Qxc2+ 54.Kf3 Qd1+ 55.Kg2 Rg1+ 56.Kh3 Rh1+ 57.Kg2 Qg1+  0-1

[Event "Metz op"]
[Site "Metz"]
[Date "1994.??.??"]
[Round "7"]
[White "Gallagher, Joseph G"]
[Black "Sherbakov, Ruslan"]
[Result "1/2-1/2"]
[WhiteElo "2485"]
[BlackElo "2545"]

1.e4 c5 2.Nc3 Nc6 3.Nge2 e5 4.Nd5 Nce7 5.Nec3 Nxd5 6.Nxd5 Nf6 7.Nxf6+ Qxf6
8.Bc4 Be7 9.O-O O-O 10.Bd5 d6 11.b4 Be6 12.Rb1 Rab8 13.Qe2 Qg6 14.d3 b6 15.f4 exf4
16.Bxf4 Bxd5 17.exd5 Bg5 18.bxc5 Rfe8 19.Qg4 Bxf4 20.Qxf4 bxc5 21.Rxb8 Rxb8
22.Qa4 h6 23.Qxa7 Re8 24.Qd7  1/2-1/2

[Event "Mlada Boleslav op"]
[Site "Mlada Boleslav"]
[Date "1994.??.??"]
[Round "8"]
[White "Purtov, Andrei"]
[Black "Jansa, Vlastimil"]
[Result "0-1"]
[WhiteElo "2390"]
[BlackElo "2500"]

1.e4 c5 2.Nc3 Nc6 3.Nge2 e6 4.g3 Nf6 5.Bg2 d6 6.O-O Be7 7.d3 O-O 8.h3 Rb8
9.f4 d5 10.e5 Nd7 11.Kh1 b5 12.Ng1 b4 13.Nce2 a5 14.Nf3 Bb7 15.Re1 Qc7 16.Neg1 Rbe8
17.Nh2 Nd4 18.Ne2 Nf5 19.Nf3 Nb6 20.g4 Nh4 21.Nxh4 Bxh4 22.Rf1 f6 23.exf6 Bxf6
24.Rb1 g6 25.c3 Bg7 26.Bd2 e5 27.Re1 Qe7 28.f5 gxf5 29.gxf5 e4 30.dxe4 dxe4
31.cxb4 e3 32.Bc3 Bxg2+ 33.Kxg2 axb4 34.Bxg7 Qxg7+ 35.Kh2 Qe5+ 36.Kh1 Kh8  0-1

[Event "Montecatini Terme op"]
[Site "Montecatini Terme"]
[Date "1994.??.??"]
[Round "?"]
[White "Djuric, Stefan"]
[Black "Cecconi, Giovanni A"]
[Result "1-0"]
[WhiteElo "2485"]
[BlackElo "2240"]

1.e4 c5 2.Nf3 Nc6 3.Nc3 d6 4.d4 cxd4 5.Nxd4 Qb6 6.Be3 Qd8 7.Qd2 Nf6 8.f4 e5
9.fxe5 dxe5 10.Ndb5 Qxd2+ 11.Kxd2 Rb8 12.Nc7+ Kd8 13.N7d5 Nd4 14.Nxf6 gxf6
15.Nd5 Bg7 16.c3 Nc6 17.Bd3 Be6 18.Rad1 f5 19.Kc1 f4 20.Bf2 h5 21.Be2 Kc8
22.g3 b5 23.Rhg1 Bg4 24.Bxg4+ hxg4 25.gxf4 Rxh2 26.Rxg4 Bf8 27.Bg3 Rg2 28.Ne3 Re2
29.Rg8 Kb7 30.Nf5 Ka6 31.Rd2 Rxd2 32.Kxd2 b4 33.fxe5 bxc3+ 34.bxc3 Rb2+ 35.Kd3 Bc5
36.Rg7 Rg2 37.a4 Ka5 38.e6 Kxa4 39.exf7 Kb5 40.Nd6+ Bxd6 41.Bxd6  1-0

[Event "Montecatini Terme op"]
[Site "Montecatini Terme"]
[Date "1994.??.??"]
[Round "?"]
[White "Ciolac, Gheorghe"]
[Black "Ioseliani, Nana"]
[Result "1/2-1/2"]
[WhiteElo "2390"]
[BlackElo "2435"]

1.e4 c5 2.Nc3 Nc6 3.Nge2 Nf6 4.d4 cxd4 5.Nxd4 d6 6.g3 e6 7.Bg2 Bd7 8.O-O Be7
9.Be3 O-O 10.f4 a6 11.a4 Qc7 12.Nb3 b6 13.Qe2 Rfe8 14.Rad1 Nb4 15.Rd4 a5
16.Rd2 Qb8 17.Nd4 Bf8 18.Ndb5 Bc6 19.Rfd1 d5 20.e5 Nd7 21.Nd4 Bb7 22.Re1 Qd8
23.Qd1 Rc8 24.Ncb5 Na6 25.c3 Nc7 26.Na7 Ra8 27.Nac6 Bxc6 28.Nxc6 Qc8 29.Nd4 Qb7
30.Bf1 Nc5 31.Qc2 Rac8 32.Rdd1 Ne4 33.Bd3 Na6 34.Qe2 Nac5 35.Bb5 Red8 36.Rc1 Rc7
37.Rc2 Nd7 38.Rb1 Qa8 39.Kh1 Bc5 40.Bg1 Bf8 41.Qf3 Qb7 42.Rd1 Bc5 43.Rb1 Bf8
44.Rg2 Bc5 45.Re2 Nb8 46.Bd3 Bxd4 47.Bxd4 Nc6 48.Bg1 Nc5 49.Bxc5 bxc5 50.b3 Qb8
51.Bc2 d4 52.Be4 Qb6 53.Rd2 g6 54.Rc1 Ne7 55.cxd4 cxd4 56.Rxc7 Qxc7 57.Qd3 Qb6
58.Qb5 Qxb5 59.axb5 Rb8 60.Bd3 Nd5 61.Bf1 Nc3 62.Rxd4 Nxb5 63.Ra4 Nc3 64.Ra3 Rb4
65.Rxa5  1/2-1/2

[Event "Montevideo"]
[Site "Montevideo"]
[Date "1994.??.??"]
[Round "2"]
[White "Valiente, Cristobal"]
[Black "Adla, Diego"]
[Result "0-1"]
[WhiteElo "2355"]
[BlackElo "2415"]

1.e4 c5 2.Nc3 Nc6 3.Nge2 d6 4.d4 cxd4 5.Nxd4 Nf6 6.Be3 e5 7.Nf3 Be7 8.Be2 O-O
9.O-O h6 10.h3 Be6 11.Qd2 d5 12.exd5 Nxd5 13.Nxd5 Qxd5 14.Qxd5 Bxd5 15.Rfd1 Rfd8
16.c3 Kf8 17.Bb5 f6 18.Nd2 Rac8 19.Nb3 b6 20.Rd2 Be6 21.Rxd8+ Nxd8 22.Rd1 Nb7
23.f4 Nd6 24.Ba6 Rc6 25.fxe5 fxe5 26.Bd3 Nc4 27.Bc1 a5 28.Re1 Rd6 29.Bxc4 Bxc4
30.Be3 a4 31.Nd2 Bxa2 32.Ra1 Bd5 33.Rxa4 Rg6 34.Rg4 Rxg4 35.hxg4 b5 36.Nf3 Bd6
37.g5 h5 38.b4 Bxf3 39.gxf3 Kf7 40.Kg2 g6  0-1

[Event "Moscow ol (Women)"]
[Site "Moscow"]
[Date "1994.??.??"]
[Round "2"]
[White "Ptacnikova, Lenka"]
[Black "Chilingirova, Pavlina"]
[Result "1-0"]
[WhiteElo "2210"]
[BlackElo "2270"]

1.e4 c5 2.Nc3 Nc6 3.Nge2 d6 4.d4 cxd4 5.Nxd4 Nf6 6.Be3 e5 7.Nb3 Be6 8.Qd2 d5
9.exd5 Nxd5 10.Nxd5 Qxd5 11.Qxd5 Bxd5 12.O-O-O O-O-O 13.c4 Be4 14.Rxd8+ Kxd8
15.Nc5 Bxc5 16.Bxc5 Kc7 17.f3 Bg6 18.Be2 b6 19.Be3 Rd8 20.a3 Bd3 21.Bxd3 Rxd3
22.Re1 f6 23.Kc2 Rd7 24.b3 Na5 25.Re2 a6 26.f4 Nc6 27.fxe5 fxe5 28.Rf2 b5
29.cxb5 axb5 30.Rd2 Rxd2+ 31.Kxd2 Na5 32.Kc3 Nc6 33.a4 bxa4 34.bxa4 Ne7 35.a5 Nd5+
36.Kd3 Kd6 37.Bd2 Nc7 38.Kc4 Kc6 39.Be3 Na6 40.Bb6 Nb8 41.Bf2 Na6 42.Bg3 e4
43.Bf2 g6 44.Bb6 Nb8 45.Kd4 Nd7 46.Kxe4 Nf6+ 47.Kf4 h6 48.Bd4 Nd5+ 49.Ke5 g5
50.g3 Nb4 51.Kf5 Nd3 52.a6 Ne1 53.a7 Kb7 54.h3 Nf3 55.Be3 h5 56.g4 hxg4 57.Kxg4 Ne5+
58.Kxg5  1-0

[Event "Moscow op"]
[Site "Moscow"]
[Date "1994.??.??"]
[Round "3"]
[White "Frolov, Y."]
[Black "Ivanov, Timur"]
[Result "1/2-1/2"]
[WhiteElo "2320"]
[BlackElo "2435"]

1.e4 c5 2.Nf3 Nc6 3.Nc3 d6 4.d4 cxd4 5.Nxd4 Nf6 6.Bc4 e6 7.Be3 a6 8.Qe2 Be7
9.Bb3 O-O 10.O-O-O Qc7 11.g4 Nd7 12.Nf5 Nc5 13.Nxe7+ Qxe7 14.Qd2 Rd8 15.Bg5 f6
16.Bf4 Nxb3+ 17.axb3 e5 18.Be3 Bxg4 19.Rde1 Be6 20.Rhg1 Kh8 21.Rg3 b5 22.Reg1 Rg8
23.f4 exf4 24.Bxf4 Ne5 25.Qe2 g6 26.Rd1 Rac8 27.Nd5 Bxd5 28.Rxd5 Rc5 29.Bxe5 fxe5
30.Rgd3 Rxd5 31.Rxd5 Rc8 32.Kb1 Kg7 33.Rd2 Rc6 34.Qd3 Qe6 35.Qe3 Qf7 36.Rf2 Qe7
37.Rd2 Qc7 38.Rf2 Qe7 39.Rd2 Qd7 40.Qg5 Rc7 41.Qg3 Qc6 42.Qd3 Rd7 43.h4 h5
44.Qe3 Rf7 45.Rd1 Qc5 46.Qg5 Rf6 47.Ka2 a5 48.Rd5 Qc6 49.Qd2 a4 50.bxa4 bxa4
51.Qd3 Rf4 52.Rxd6 Qxe4 53.Rd7+ Kh6 54.Qd2 Qc4+ 55.Kb1 Qf1+ 56.Ka2 Qf2 57.Qc3 Qe2
58.Rc7 Rxh4 59.Qc5 Rf4 60.Qe7 Qe4 61.Qg7+ Kg5 62.Qe7+ Kg4 63.Qe6+ Kh4 64.Rc3 Qf5  1/2-1/2

[Event "Moscow ol (Men)"]
[Site "Moscow"]
[Date "1994.??.??"]
[Round "4"]
[White "Al Modiahki, Mohamad"]
[Black "Krylov, Sergey"]
[Result "0-1"]
[WhiteElo "2370"]
[BlackElo "2290"]

1.e4 c5 2.Nf3 Nc6 3.Nc3 d6 4.d4 cxd4 5.Nxd4 Nf6 6.g3 Bg4 7.f3 Bd7 8.Bg2 Qb6
9.Nb3 a5 10.Qe2 a4 11.Be3 Qc7 12.Nb5 Qd8 13.Nd2 Ne5 14.Na3 Bc6 15.O-O g6
16.Ndc4 Nxc4 17.Nxc4 Bg7 18.e5 Nd5 19.Bd4 dxe5 20.Bf2 Qc7 21.Rfe1 O-O 22.Nxe5 a3
23.c4 axb2 24.Qxb2 Nb4 25.Bd4 Rfd8 26.Bc3 Bxe5 27.Bxe5 Qa5 28.Re3 Qc5 29.Qf2 Nd3
30.Rxd3 Qxf2+ 31.Kxf2 Rxd3  0-1

[Event "Moscow ol (Men)"]
[Site "Moscow"]
[Date "1994.??.??"]
[Round "5"]
[White "Westerinen, Heikki MJ"]
[Black "Kortschnoj, Viktor"]
[Result "1/2-1/2"]
[WhiteElo "2370"]
[BlackElo "2615"]

1.e4 c5 2.Nc3 Nc6 3.Nge2 g6 4.g3 Bg7 5.Bg2 Nf6 6.O-O O-O 7.Nd5 Nxd5 8.exd5 Nd4
9.Nxd4 cxd4 10.c4 d6 11.d3 e5 12.dxe6 fxe6 13.Bd2 Bd7 14.Bxb7 Rb8 15.Be4 Rxb2
16.Qc1 Qb8 17.Ba5 d5 18.cxd5 Rc8 19.Qg5 Rb5 20.Qe7 exd5 21.Qxd7 dxe4 22.Rac1 Rbc5
23.Rb1 Qe5 24.dxe4 Qe8 25.Qxa7 Qxe4 26.Rb7 Qe5 27.Bd2 R5c7 28.Re1 Rxb7 29.Qxb7 Qb8
30.Qxb8 Rxb8 31.a4 Rb2 32.Rd1 Ra2 33.a5 Bf6  1/2-1/2